000 01247cam a22003254i 4500
003 PE-LiUPU
005 20250731183353.0
008 160916s2008 r 000 0 spa d
020 _a9788425221903
035 _a(Sirsi) a163536
049 _aPRUA
082 0 4 _a720
_bM77
100 1 _aMontaner, Josep Maria,
_eautor.
245 _aSistemas arquitectónicos contemporáneos /
_cJosep Maria Montaner.
264 _aEspaña :
_bGG,
_2008.
300 _a224 páginas :
_bilustraciones ;
_c24 centímetros.
336 _text
_2rdacontent
337 _unmediated
_2rdamedia
338 _volume
_2rdacarrier
505 0 _aLa crisis del objeto -- Sistemas racionales -- Sistemas orgánicos -- Universos de la realidad y del tiempo -- Estructuras de la memoria -- La crítica radical y utópica -- Dispersión y fragmentación.
526 _aP158
526 _aP146
526 _aP17
526 _aP12
526 _aP06
596 _a1
942 _2ddc
_cBOOK
999 _a720 M77
_wDEWEY
_c12411
_i69736
_d12411
_e2018-1-24
_f2021-11-9
_g7
_lCCODEBUL1
_mBUL
_n6
_p39.81
_q1
_r0
_sY
_tBOOK
_u2016-9-16
_xINGENIERIA
_PP25
_0COMPRA
_o.STAFF. Colección Ingenieria y Arquitectura
980 _81
_gALBERTO SANCHEZ Responsable de Automatización